| 000 | 01074nac a22002651u 4500 | ||
|---|---|---|---|
| 010 | _a 2005018902 | ||
| 020 | _a0742550931 (cloth : alk. paper) | ||
| 020 | _a074255094X (pbk. : alk. paper) | ||
| 035 | _a(OCoLC)ocm60835380 | ||
| 082 | 0 | 0 |
_a210 _bA155 |
| 090 |
_c3017 _d3017 |
||
| 100 | _aAbou El Fadl, Khaled, | ||
| 245 | 1 | 4 |
_aThe search for beauty in Islam : a conference of the books _ba conference of the books / _cKhaled Abou El Fadl. |
| 260 |
_aLanham, Md. : _bRowman & Littlefield, 2006 _cc2006. |
||
| 300 |
_axx, 407 p. ; _c26 cm. |
||
| 500 | _aOriginally published: Conference of the books. Lanham : University Press of America, 2001. | ||
| 500 | _aIncludes index. | ||
| 650 | 0 |
_aIslam _xAppreciation. |
|
| 650 | 0 |
_aIslam _xEssence, genius, nature. |
|
| 650 | 0 | _aSufism. | |
| 700 | 1 |
_aAbou El Fadl, Khaled, _d1963- |
|
| 856 | 4 | 1 |
_3Table of contents _uhttp://www.loc.gov/catdir/toc/ecip0515/2005018902.html |
| 942 |
_cBB _k210A155 |
||
| 999 |
_c3017 _d3017 |
||